| 000 | 00670nam a2200217 a 4500 | ||
|---|---|---|---|
| 001 | 000021129 | ||
| 005 | 20200930011236.0 | ||
| 008 | 100831s1987 sp r 000 f spa d | ||
| 020 | _a8420631361 | ||
| 040 |
_aDO-SdBNP _bspa _cBNPHU |
||
| 082 |
_a839.316 _bB527c |
||
| 100 | 1 |
_aBernhard, Thomas _d1931-1989 _944181 |
|
| 240 | 1 | 0 |
_aDas kalkwers. _lEspañol |
| 245 | 1 | 3 |
_aLa calera / _cThomas Bernhard; traducción Miguel Sáenz. |
| 260 |
_aMadrid : _bAlianza Editorial, _c1987. |
||
| 300 |
_a223 p. ; _c20 cm. |
||
| 650 | 4 |
_aNovela holandesa _944182 |
|
| 650 | 4 |
_aNovela austriaca _912863 |
|
| 650 | 4 |
_aLiteratura holandesa _922922 |
|
| 700 | 1 |
_aSáenz, Miguel _etr. _911134 |
|
| 999 |
_c20631 _d20631 |
||